000
00391nam a2200169Ia 4500
008
160105s9999 xx 000 0 und d
020
_a
978-2-10-051327-7
041
_a
fre
245
_a
La science à l'école
260
_b
Parker Publishing Company
260
_c
1968
490
_a
Nouveaux horizons
654
_x
SCIENCE
942
_c
09
994
_a
109303
999
_c
9207
_d
37205